1540 1716 1397 1352 1315 1405 1774 1346 1620 1647 1856 1495 1949 1403 1076 1281 1825 1548 1571 1770 1544 1067 1824 1693 1257 1193 1018 1281 1928 1494 1240 1620 1772 1288 1068 1229 1233 1931 1710 1501 1964 1079 1382 1951 1044 1313 1220 1351 1102 1336 1698 1783 1862 1990 1337 1539 1185 1283 1979 1877 1678 1309 1124 1891 1300 1396 1792 1930 1893 1225 1409 1531 1382 1161 1048 1384 1228 1625 1354 1579 1742 1652 1154 1187 1500 1277 1176 1503 1624 1919 1703 1398 1997 1284 1538 1004 1838 1813 1236 BCNSPRNW ULIB Ver.6.0+V

เปลี่ยนเป็นภาษาไทย

Change to English
 แสดงรายละเอียดบรรณานุกรม
  กลับหน้าหลัก

Brief Record : Get Marc (ISO 2709) : E-mail record : QR code < ปิดหน้าต่าง
LEADER : 00000nam 2200000uu 4500
001    13399111738
003     ULIB
008    110707s2546||||th 000 0 tha d
020    9749589297
050 04 DS522.6^bป481ท 2546
100 0  ปริยา รัตนโยธา
245 10 ท่องอินโดจีน ลาว กัมพูชา เวียดนาม /^cปริยา รัตนโยธา
250    พิมพ์ครั้งที่ 1
260    กรุงเทพฯ :^bเนชั่นบุ๊คส์ อินเตอร์เนชั่นแนล,^c2546
300    132 หน้า :^bภาพประกอบ
651  7 อินโดจีน^xภูมิประเทศและการท่องเที่ยว
651  7 อินโดจีน^xความเป็นอยู่และประเพณี
651  7 ลาว^xภูมิประเทศและการท่องเที่ยว
651  7 กัมพูชา^xภูมิประเทศและการท่องเที่ยว
651  7 เวียดนาม^xภูมิประเทศและการท่องเที่ยว
945    ^p170^l0^i015928
995    ทศพร
999 ^a ใช้งานได้ทุกระบบ
รายการนี้ยังไม่มีแท็ก
คุณยังไม่ได้ล็อกอิน คุณสามารถมีกิจกรรมร่วมกับเว็บไซต์ได้ แต่ต้องล็อกอินก่อน ::
  ล็อกอิน

รายการสื่อสารสนเทศ

ลำดับที่ ประเภท เลขเรียก/บาร์โค้ด สถานที่ สถานะ
- ไม่พบข้อมูล -

BibComment


ยังไม่เคยถูกคอมเมนท์

คอมเมนท์ทรัพยากรรายการนี้
  คอมเมนท์: ท่องอินโดจีน ลาว ..


 Copyright 2026. Bcnsprnw @Library